| 000 | 01081nam a2200337 a 4500 | ||
|---|---|---|---|
| 001 | vtls000372619 | ||
| 003 | NLI | ||
| 005 | 20210602180344.0 | ||
| 008 | 110113s2006 ja db 001 0 eng d | ||
| 020 |
_a8189640410 _cRs.895.00 |
||
| 039 | 9 |
_y201101132246 _zVLOAD |
|
| 040 |
_aNLI : _beng _cNLMARC21 |
||
| 041 | 0 | _aeng | |
| 044 | _aii | ||
| 082 | 0 | 4 |
_a306.09054 _222 |
| 245 | 0 | 0 |
_aUnderstanding human well-being/ _cedited by Mark McGillivray and Matthew Clarke |
| 260 |
_aToky : _bUnited Nations University Press; _aNew Delhi : _bBookwell, _c2006 |
||
| 300 |
_axxiv, 386 p. : _bmaps; _c25 cm. |
||
| 504 | _aIncludes bibliographical references and index | ||
| 650 | 0 |
_aQuality of life _9128399 |
|
| 650 | 0 |
_aSocial indicators _9197099 |
|
| 700 | 1 |
_aMcGillivray, Mark _4edt _9325944 |
|
| 700 | 1 |
_aClarke, Matthew _4edt _9385242 |
|
| 887 | _asyamal Kanti Biswas | ||
| 901 |
_aDB106723 _b08.08.2008 |
||
| 902 | _aE/O 306.09045 Un 2 | ||
| 904 | _asyamal Kanti Biswas | ||
| 942 |
_2ddc _cBKS |
||
| 949 |
_AVIRTUAITEM _D10000 _X100 _6DBA000106723ENG |
||
| 999 |
_aVIRTUA40 _c332811 _d332811 |
||